| 000 | 01782nam0a2200397 4500 | ||
|---|---|---|---|
| 001 | RU\NLR\BIBL_A\022715585 | ||
| 005 | 20260426072528.0 | ||
| 010 |
_a978-5-6053050-8-8 _9100 |
||
| 021 |
_aRU _bКН-П-25-067382 _9КН-П-25-6513 |
||
| 035 | _a(NLR Aleph) 022715585 | ||
| 090 |
_a13692874 _c13692874 |
||
| 100 | _a20260202d2025 u y0rusy50 ca | ||
| 101 | 0 |
_abak _arus |
|
| 102 | _aRU | ||
| 105 | _aach ag 000zb | ||
| 181 | 0 |
_ab2 _bxb2e |
|
| 181 | 0 |
_ai2 _baxxe |
|
| 182 | 0 | _an | |
| 200 | 1 |
_aМостай Кәрим. Ижадының юл башы (1934—1941) _dМустай Карим. Начало творческого пути (1934–1941) _f[Фонд имени Мустая Карима] _gтөҙ.: филол. фән. канд., доц. Ф. Ш. Сибәғәтов һ. б. _zrus |
|
| 203 |
_aИзображение _aТекст _bвизуальные _cнепосредственные |
||
| 210 |
_aУфа _cИнеш _d2025 |
||
| 215 |
_a69 с. _cцв. ил., портр., факс. _d29 |
||
| 300 | _aТекст парал. башк., рус. | ||
| 320 | _aБиблиогр.: с. 65–67 | ||
| 333 | _a16+ | ||
| 541 | 1 |
_aМустай Карим. Начало творческого пути (1934–1941) _zrus |
|
| 686 | 1 | _aШ5(2=Баш)7-4Карим М.4 | |
| 702 | 1 |
_aКәрим _bМ. _cБашҡортостан Республикаһының халыҡ шағиры _f1919-2005 _gМостай _4570 |
|
| 702 | 1 |
_aСибәгәтов _bФ. Ш. улы _cфилол. фән. канд. _gФлүр Шәрифулла улы _4220 |
|
| 712 | 0 | 2 |
_4570 _aФонд им. Мустая Карима _cУфа _9636212 _3RU\NLR\AUTH\880487894 |
| 942 | _cBOOK | ||
| 980 | _aNB | ||